[Event "Woerishofen sen 2016"]
[Site "Bad Woerishofen"]
[Date "2016.03.02"]
[Round "6.45"]
[White "Floeren, Ernst"]
[Black "Dallmeier, Gerhard"]
[Result "0-1"]
[WhiteElo "1737"]
[BlackElo "1841"]
[PlyCount "62"]
[EventDate "2016.02.26"]
[EventType "swiss"]
[EventCountry "GER"]
[WhiteTeam "-"]
[BlackTeam "Weissenfels Roland"]
[BlackTeamCountry "GER"]

1. e4 c5 2. Nf3 d6 3. h3 Nf6 4. Nc3 a6 5. d3 g6 6. b3 Bg7 7. Bb2 Nc6 8. Rb1 O-O
9. Be2 e5 10. O-O h6 11. Nh2 b5 12. Bg4 Nd4 13. Bxc8 Rxc8 14. Ne2 b4 15. f4 Nd7
16. Nxd4 cxd4 17. f5 Qc7 18. fxg6 fxg6 19. Rxf8+ Nxf8 20. Rc1 h5 21. Nf3 Bh6
22. Nd2 Qf7 23. Rb1 Be3+ 24. Kh1 Qf2 25. Nc4 Bf4 26. Bc1 Ne6 27. Bxf4 Nxf4 28.
Qd2 Qxd2 29. Nxd2 Rxc2 30. g3 Nxd3 31. Nc4 Nf2+ 0-1

[Event "Woerishofen sen 2016"]
[Site "Bad Woerishofen"]
[Date "2016.03.02"]
[Round "6.46"]
[White "Oser, Thor"]
[Black "Erdmann, Wolfgang"]
[Result "1/2-1/2"]
[WhiteElo "1838"]
[BlackElo "1729"]
[PlyCount "60"]
[EventDate "2016.02.26"]
[EventType "swiss"]
[EventCountry "GER"]
[WhiteTeam "Joehlingen SK"]
[BlackTeam "Altstadt SC Roter Turm"]
[WhiteTeamCountry "GER"]
[BlackTeamCountry "GER"]

1. d4 d5 2. e3 Nf6 3. Bd3 e6 4. f4 Bd6 5. Nf3 Nbd7 6. Ne5 c5 7. c3 c4 8. Bc2 g6
9. Qf3 Bf8 10. Nd2 Qc7 11. Nxd7 Qxd7 12. b3 b5 13. bxc4 Bb7 14. c5 Bc6 15. O-O
Qb7 16. Bb2 Be7 17. a3 O-O 18. g4 Kg7 19. g5 Ne4 20. Nxe4 dxe4 21. Qg2 Rh8 22.
h4 f6 23. Bb3 Bd5 24. Bxd5 exd5 25. gxf6+ Bxf6 26. Qh3 Qc8 27. f5 Kf7 28. Rf2
Rg8 29. Kh1 Ke7 30. Rg1 Qd7 1/2-1/2

[Event "Woerishofen sen 2016"]
[Site "Bad Woerishofen"]
[Date "2016.03.02"]
[Round "6.48"]
[White "Roth, Heinz Georg"]
[Black "Titz, Waldemar"]
[Result "1-0"]
[WhiteElo "1823"]
[BlackElo "1725"]
[PlyCount "147"]
[EventDate "2016.02.26"]
[EventType "swiss"]
[EventCountry "GER"]
[WhiteTeam "Lindau SC"]
[BlackTeam "Rottweil SV"]
[WhiteTeamCountry "GER"]
[BlackTeamCountry "GER"]

1. e4 e5 2. Nf3 d6 3. Bc4 Be7 4. d4 exd4 5. Nxd4 Nf6 6. Nc3 O-O 7. O-O c6 8. h3
b5 9. Be2 b4 10. Nb1 Nxe4 11. Nd2 Nc5 12. Nc4 Bf6 13. Bf4 Be7 14. Re1 Re8 15.
Bf3 Bb7 16. Bxd6 Bf8 17. Rxe8 Qxe8 18. Qd2 Nba6 19. Re1 Qd7 20. Bg4 Qd8 21. Nf5
Bc8 22. Qf4 Be6 23. Rd1 Bd5 24. Bxf8 Kxf8 25. Ncd6 Qf6 26. Re1 Ne6 27. Qe3 g6
28. Qh6+ Kg8 29. Ne4 Bxe4 30. Rxe4 Rd8 31. Ne3 Nec5 32. Rf4 Qg7 33. Qg5 Re8 34.
Bf3 Ne6 35. Re4 Nac7 36. Qa5 Qxb2 37. Rxb4 Qc3 38. Nd1 Qe1+ 39. Kh2 c5 40. Ra4
Qe5+ 41. g3 Nd4 42. Bg2 Qe1 43. Qxe1 Rxe1 44. Ne3 Ncb5 45. c4 Nc3 46. Rxa7 Nd1
47. Nxd1 Rxd1 48. Bd5 Ne6 49. a4 Ra1 50. a5 Ra2 51. Kg2 Kf8 52. a6 Nd8 53. Ra8
Ke7 54. a7 Ne6 55. Rh8 Rxa7 56. Rxh7 Kd6 57. h4 Re7 58. Kh3 Nd8 59. Kg2 Ne6 60.
h5 gxh5 61. Rxh5 Ng7 62. Rh6+ Ne6 63. f4 Kc7 64. Rh7 Kd6 65. Kh3 Kd7 66. Kg4
Nd8 67. f5 Kd6 68. Kf4 Rc7 69. g4 Ke7 70. g5 Kf8 71. f6 Kg8 72. g6 Rd7 73. Rh5
Rd6 74. Ke5 1-0

[Event "Woerishofen sen 2016"]
[Site "Bad Woerishofen"]
[Date "2016.03.02"]
[Round "6.49"]
[White "Schlemminger, Degenhard"]
[Black "Felger, Karl"]
[Result "0-1"]
[WhiteElo "1678"]
[BlackElo "1813"]
[PlyCount "108"]
[EventDate "2016.02.26"]
[EventType "swiss"]
[EventCountry "GER"]
[WhiteTeam "Reutlingen SV"]
[BlackTeam "Schorndorf Schachmatt"]
[WhiteTeamCountry "GER"]
[BlackTeamCountry "GER"]

1. e4 g6 2. d4 Bg7 3. Nf3 d6 4. Bc4 Nf6 5. Nc3 O-O 6. Be3 Ng4 7. Bf4 Nc6 8. h3
e5 9. dxe5 Ngxe5 10. Nxe5 Nxe5 11. Be2 Be6 12. Qd2 a6 13. O-O b5 14. a3 Rb8 15.
Rab1 Re8 16. f3 f6 17. Be3 Nc4 18. Bxc4 Bxc4 19. Rfd1 Bf7 20. Nd5 a5 21. Bf2 c6
22. Ne3 Bf8 23. b4 Qc7 24. c3 a4 25. Rb2 Bb3 26. Re1 Bg7 27. Nc2 c5 28. Bg3
Rbd8 29. Ne3 Qc6 30. Nd5 Kf7 31. Bf4 Bxd5 32. exd5 Rxe1+ 33. Qxe1 Qxd5 34. Rd2
Qe6 35. Re2 Qd7 36. bxc5 dxc5 37. Rd2 Qe8 38. Re2 Qd7 39. Rd2 Qc8 40. Re2 Bf8
41. Rd2 c4 42. Rxd8 Qxd8 43. Bc1 Bc5+ 44. Kh2 Qd6+ 45. g3 Bxa3 46. Bf4 Qd5 47.
Kg2 Be7 48. h4 a3 49. Qb1 Qf5 50. Qxf5 gxf5 51. Bc1 a2 52. Bb2 b4 53. cxb4 Bxb4
54. Kf2 c3 0-1

[Event "Woerishofen sen 2016"]
[Site "Bad Woerishofen"]
[Date "2016.03.02"]
[Round "6.50"]
[White "Dombrowe, Eckehard"]
[Black "Sand, Rosemarie"]
[Result "1/2-1/2"]
[WhiteElo "1793"]
[BlackElo "1723"]
[PlyCount "39"]
[EventDate "2016.02.26"]
[EventType "swiss"]
[EventCountry "GER"]
[WhiteTeam "Nettetal SG"]
[BlackTeam "Tuebingen SV"]
[WhiteTeamCountry "GER"]
[BlackTeamCountry "GER"]

1. d4 Nf6 2. c4 g6 3. Nf3 Bg7 4. Nc3 d5 5. e3 O-O 6. cxd5 Nxd5 7. Bd2 c5 8. Be2
Nc6 9. dxc5 Nxc3 10. Bxc3 Bxc3+ 11. bxc3 Qa5 12. Qc1 Qxc5 13. Nd4 Bd7 14. O-O
Rac8 15. Qb2 Na5 16. Nb3 Nxb3 17. Qxb3 Bc6 18. c4 Qg5 19. f3 Rfd8 20. Rad1
1/2-1/2

[Event "Woerishofen sen 2016"]
[Site "Bad Woerishofen"]
[Date "2016.03.02"]
[Round "6.51"]
[White "Straesser, Gerda"]
[Black "Aust, Werner"]
[Result "0-1"]
[WhiteElo "1696"]
[BlackElo "1786"]
[PlyCount "112"]
[EventDate "2016.02.26"]
[EventType "swiss"]
[EventCountry "GER"]
[WhiteTeam "Rottweil SV"]
[BlackTeam "Eichlinghofen SV"]
[WhiteTeamCountry "GER"]
[BlackTeamCountry "GER"]

1. e4 c5 2. Nf3 d6 3. d4 cxd4 4. Nxd4 Nf6 5. Nc3 a6 6. Be2 Qc7 7. O-O e5 8. Nb3
Be7 9. Be3 Nc6 10. f3 O-O 11. Qd2 Be6 12. Rfd1 Ne8 13. Rac1 Rd8 14. Nd5 Bxd5
15. exd5 Nb8 16. c4 b6 17. Bd3 Nf6 18. Qf2 Nbd7 19. Kh1 Rb8 20. Qg3 g6 21. Nd2
Nh5 22. Qh3 f5 23. g4 Nf4 24. Bxf4 fxg4 25. Qxg4 Rxf4 26. Qe6+ Rf7 27. Rg1 Nf8
28. Qh3 Rg7 29. Ne4 Qd8 30. Rg2 Qe8 31. Rcg1 Qf7 32. Ng5 Bxg5 33. Rxg5 Qf6 34.
b3 Rbb7 35. Be4 Rbf7 36. Qg2 Kh8 37. Qd2 Nd7 38. Qg2 Nc5 39. Qe2 Nxe4 40. fxe4
Qf3+ 41. Qxf3 Rxf3 42. Re1 Rgf7 43. Rg2 a5 44. Rge2 R7f4 45. Kg2 g5 46. Rd1 Kg7
47. Rdd2 h5 48. Rf2 Rxf2+ 49. Rxf2 Rxe4 50. Kf3 Rf4+ 51. Ke3 Rxf2 52. Kxf2 Kf7
53. Ke3 g4 54. a3 Ke7 55. Kf2 h4 56. Kg2 Kd7 0-1

[Event "Woerishofen sen 2016"]
[Site "Bad Woerishofen"]
[Date "2016.03.02"]
[Round "6.52"]
[White "Mueller, Dieter"]
[Black "Fuchs, Joachim"]
[Result "1/2-1/2"]
[WhiteElo "1701"]
[BlackElo "1884"]
[PlyCount "49"]
[EventDate "2016.02.26"]
[EventType "swiss"]
[EventCountry "GER"]
[WhiteTeam "-"]
[BlackTeam "Starnberg SC"]
[BlackTeamCountry "GER"]

1. Nf3 d6 2. c4 Nf6 3. g3 c6 4. Bg2 g6 5. Nc3 Bg7 6. b4 O-O 7. Rb1 Re8 8. O-O
e5 9. d3 Qc7 10. a4 e4 11. Ng5 exd3 12. exd3 Bf5 13. Nf3 Nbd7 14. Bb2 Qb6 15.
Ba3 Ng4 16. Qc2 Nde5 17. Nxe5 Nxe5 18. Be4 Bg4 19. a5 Qc7 20. f4 Nd7 21. Bb2
Bd4+ 22. Kg2 Qd8 23. h3 Bf5 24. g4 Be6 25. Ne2 1/2-1/2

[Event "Woerishofen sen 2016"]
[Site "Bad Woerishofen"]
[Date "2016.03.02"]
[Round "6.53"]
[White "Huhn, Ulrich"]
[Black "Westermayer, Johann"]
[Result "1-0"]
[WhiteElo "1873"]
[BlackElo "1599"]
[PlyCount "53"]
[EventDate "2016.02.26"]
[EventType "swiss"]
[EventCountry "GER"]
[WhiteTeam "Siemensstadt SF"]
[BlackTeam "AUT"]
[WhiteTeamCountry "GER"]
[BlackTeamCountry "AUT"]

1. d4 c6 2. e4 d5 3. Nc3 dxe4 4. Nxe4 Qd5 5. Qd3 Bg4 6. c4 Qd8 7. Bf4 e6 8. Be2
Bxe2 9. Nxe2 Nf6 10. Nxf6+ Qxf6 11. Be5 Qg6 12. Qxg6 hxg6 13. a3 Nd7 14. Bg3
Nf6 15. O-O-O Ne4 16. Rd3 Nxg3 17. Nxg3 Bd6 18. h3 Bxg3 19. Rxg3 Rd8 20. Rd1
Rh4 21. Rgd3 Ke7 22. Kc2 Rd7 23. Kc3 Rh8 24. d5 cxd5 25. cxd5 Rc8+ 26. Kb3 e5
27. Rc3 1-0

[Event "Woerishofen sen 2016"]
[Site "Bad Woerishofen"]
[Date "2016.03.02"]
[Round "6.54"]
[White "Wraga, Teresa"]
[Black "Mahrla, Hans"]
[Result "1/2-1/2"]
[WhiteElo "1687"]
[BlackElo "1820"]
[PlyCount "55"]
[EventDate "2016.02.26"]
[EventType "swiss"]
[EventCountry "GER"]
[WhiteTeam "Osnabrueck SG"]
[BlackTeam "Eichenau SC"]
[WhiteTeamCountry "GER"]
[BlackTeamCountry "GER"]

1. e4 e6 2. d3 d5 3. Nd2 c5 4. Ngf3 Nc6 5. g3 Nf6 6. Bg2 Be7 7. O-O Qc7 8. Re1
O-O 9. e5 Nd7 10. Qe2 h6 11. h4 b6 12. Nf1 Bb7 13. Bf4 Rac8 14. c3 Ba6 15. N1h2
Rfe8 16. Ng4 Nf8 17. Nf6+ gxf6 18. exf6 Bd6 19. Ne5 Nxe5 20. Bxe5 Ng6 21. Qg4
Bxe5 22. h5 Kh7 23. hxg6+ fxg6 24. f7 Re7 25. f4 Bg7 26. Rxe6 Bxd3 27. Rxe7
Qxe7 28. Qxc8 1/2-1/2

[Event "Woerishofen sen 2016"]
[Site "Bad Woerishofen"]
[Date "2016.03.02"]
[Round "6.55"]
[White "Wraga, Hermann"]
[Black "Skibbe, Hannes"]
[Result "1/2-1/2"]
[WhiteElo "1667"]
[BlackElo "1766"]
[PlyCount "41"]
[EventDate "2016.02.26"]
[EventType "swiss"]
[EventCountry "GER"]
[WhiteTeam "Osnabrueck SG"]
[BlackTeam "Hessenstein TSV"]
[WhiteTeamCountry "GER"]
[BlackTeamCountry "GER"]

1. e4 e6 2. d3 d5 3. Nd2 Nf6 4. g3 c5 5. Bg2 Be7 6. Ngf3 Nc6 7. O-O dxe4 8.
dxe4 O-O 9. Re1 Qc7 10. c3 Rb8 11. Qc2 e5 12. h3 Nd7 13. Nf1 f6 14. Ne3 Nb6 15.
Qb3+ Kh8 16. Nd5 Nxd5 17. exd5 Nd8 18. c4 Nf7 19. Qc2 Nd6 20. b3 b5 21. Nd2
1/2-1/2

[Event "Woerishofen sen 2016"]
[Site "Bad Woerishofen"]
[Date "2016.03.02"]
[Round "6.56"]
[White "Eigenmann, Christina"]
[Black "Traversi, Carlo"]
[Result "1-0"]
[WhiteElo "1759"]
[BlackElo "1572"]
[PlyCount "55"]
[EventDate "2016.02.26"]
[EventType "swiss"]
[EventCountry "GER"]
[WhiteTeam "SUI"]
[BlackTeam "ITA"]
[WhiteTeamCountry "SUI"]
[BlackTeamCountry "ITA"]

1. d4 d6 2. Bf4 Nf6 3. e3 g6 4. Bd3 Bg7 5. Nd2 Nbd7 6. c4 O-O 7. Qc2 e5 8. Bg5
exd4 9. exd4 Qe8+ 10. Ne2 c5 11. O-O cxd4 12. Rfe1 Nc5 13. Nxd4 Qd7 14. Rab1
Nxd3 15. Qxd3 Qg4 16. Bxf6 Bxf6 17. Nb5 Be6 18. Ne4 Be7 19. h3 Qf5 20. Qc3 d5
21. Nd4 Qf4 22. Ng3 Qf6 23. Re3 Bc5 24. Nge2 Bxd4 25. Nxd4 dxc4 26. Rf3 Qe7 27.
Re1 Qd6 28. Nxe6 1-0

[Event "Woerishofen sen 2016"]
[Site "Bad Woerishofen"]
[Date "2016.03.02"]
[Round "6.57"]
[White "Gepting, Konrad"]
[Black "Alefs, Heinz"]
[Result "0-1"]
[WhiteElo "1620"]
[BlackElo "2016"]
[PlyCount "54"]
[EventDate "2016.02.26"]
[EventType "swiss"]
[EventCountry "GER"]
[WhiteTeam "Marktoberdorf SK"]
[BlackTeam "Eichenau SC"]
[WhiteTeamCountry "GER"]
[BlackTeamCountry "GER"]

1. e4 d6 2. b3 Nf6 3. Nc3 e5 4. h3 a6 5. Nf3 Be7 6. Bb2 b5 7. a3 Bb7 8. Bd3
Nbd7 9. b4 O-O 10. Qe2 c5 11. Qe3 c4 12. Be2 Nb6 13. d4 cxd3 14. cxd3 Rc8 15.
g3 Re8 16. Nh4 g6 17. f4 exf4 18. Qxf4 d5 19. O-O dxe4 20. Nxe4 Bxe4 21. dxe4
Rc2 22. Bxf6 Bxf6 23. Qxf6 Qc7 24. Nf5 gxf5 25. Qg5+ Kf8 26. Bh5 Qe5 27. Bxf7
Qd4+ 0-1

[Event "Woerishofen sen 2016"]
[Site "Bad Woerishofen"]
[Date "2016.03.02"]
[Round "6.58"]
[White "Auterhoff, Juergen"]
[Black "Hahn, Volker"]
[Result "1/2-1/2"]
[WhiteElo "1763"]
[BlackElo "1679"]
[PlyCount "44"]
[EventDate "2016.02.26"]
[EventType "swiss"]
[EventCountry "GER"]
[WhiteTeam "Pasing SC"]
[BlackTeam "DBSB"]
[WhiteTeamCountry "GER"]
[BlackTeamCountry "GER"]

1. e4 d5 2. exd5 Qxd5 3. Nc3 Qd8 4. d4 c6 5. Nf3 Nf6 6. Be2 g6 7. O-O Bg7 8.
Bf4 O-O 9. Qd2 Bg4 10. Rad1 e6 11. h3 Bxf3 12. Bxf3 Na6 13. Ne2 Qe7 14. Be5 Nd7
15. Bxg7 Kxg7 16. c3 Nb6 17. Qd3 Nc7 18. c4 Rad8 19. Qc3 Kg8 20. b3 Rd7 21. Rd2
Rfd8 22. Rfd1 Ne8 1/2-1/2

[Event "Woerishofen sen 2016"]
[Site "Bad Woerishofen"]
[Date "2016.03.02"]
[Round "6.60"]
[White "Schmid, Arnold"]
[Black "Gerst, Waldemar"]
[Result "1/2-1/2"]
[WhiteElo "1578"]
[BlackElo "1769"]
[PlyCount "101"]
[EventDate "2016.02.26"]
[EventType "swiss"]
[EventCountry "GER"]
[WhiteTeam "Oberbilker SV"]
[BlackTeam "Grunbach SC"]
[WhiteTeamCountry "GER"]
[BlackTeamCountry "GER"]

1. e4 e5 2. Nf3 Nc6 3. Bc4 h6 4. c3 Nf6 5. d3 Be7 6. Bb3 O-O 7. O-O d6 8. h3
Na5 9. Bc2 c5 10. Nbd2 b6 11. Re1 Bb7 12. Nf1 a6 13. Ng3 Bc8 14. Nh2 Nc6 15.
Qf3 Kh7 16. Nf5 Bxf5 17. Qxf5+ g6 18. Qf3 Ng8 19. Ng4 Bg5 20. Ne3 Nge7 21. g4
Ra7 22. Kg2 Qd7 23. Rh1 f5 24. gxf5 gxf5 25. exf5 Nxf5 26. Nxf5 Rxf5 27. d4 Ne7
28. Bxf5+ Nxf5 29. Bxg5 hxg5 30. Qh5+ Nh6 31. Qxg5 Qc6+ 32. Kh2 Rg7 33. d5 Qxd5
34. Rad1 Qf3 35. Qxg7+ Kxg7 36. Rhg1+ Kh7 37. Rxd6 Qxf2+ 38. Rg2 Qf4+ 39. Kh1
e4 40. Rd7+ Nf7 41. Rg4 Qf3+ 42. Kh2 e3 43. Rg3 Qf4 44. Re7 Qf2+ 45. Rg2 Qf4+
46. Rg3 Kh6 47. Rexe3 Qf2+ 48. Kh1 Ng5 49. Rd3 Ne4 50. Rg2 Qe1+ 51. Kh2 1/2-1/2

[Event "Woerishofen sen 2016"]
[Site "Bad Woerishofen"]
[Date "2016.03.02"]
[Round "6.61"]
[White "Engl, Heinz"]
[Black "Krieger, Hermann"]
[Result "1/2-1/2"]
[WhiteElo "2015"]
[BlackElo "2172"]
[PlyCount "33"]
[EventDate "2016.02.26"]
[EventType "swiss"]
[EventCountry "GER"]
[WhiteTeam "Muenchen Blinden SC"]
[BlackTeam "Ludwigshafen SK"]
[WhiteTeamCountry "GER"]
[BlackTeamCountry "GER"]

1. e4 c5 2. b3 b6 3. Bb2 Bb7 4. Nc3 Nc6 5. Nf3 d6 6. Bb5 a6 7. Bxc6+ Bxc6 8. d4
cxd4 9. Nxd4 Bb7 10. O-O Nf6 11. Qe2 e6 12. Rad1 Qc7 13. Kh1 Be7 14. f4 O-O 15.
Rd3 Rfd8 16. Rh3 h6 17. Nf3 1/2-1/2

[Event "Woerishofen sen 2016"]
[Site "Bad Woerishofen"]
[Date "2016.03.02"]
[Round "6.62"]
[White "Thonig, Manfred"]
[Black "Dietl, Robert"]
[Result "0-1"]
[WhiteElo "1660"]
[BlackElo "1855"]
[PlyCount "88"]
[EventDate "2016.02.26"]
[EventType "swiss"]
[EventCountry "GER"]
[WhiteTeam "Starnberg SC"]
[BlackTeam "Koenigsbrunn SK"]
[WhiteTeamCountry "GER"]
[BlackTeamCountry "GER"]

1. f4 d5 2. Nf3 Nf6 3. e3 c5 4. b3 g6 5. Bb2 Bg7 6. c4 e6 7. Ne5 O-O 8. Bd3
Nfd7 9. O-O Nxe5 10. fxe5 Nc6 11. Nc3 Nxe5 12. Be2 d4 13. exd4 Qxd4+ 14. Kh1
Nd3 15. Bxd3 Qxd3 16. Rf3 Qd8 17. Na4 Bxb2 18. Nxb2 b6 19. d3 Bb7 20. Rh3 Qf6
21. Qd2 Rad8 22. Qh6 Qg7 23. Qxg7+ Kxg7 24. Rf1 Rd4 25. Nd1 Rfd8 26. Nf2 h5 27.
Kg1 Bc6 28. Re3 Bb7 29. Rd1 R8d7 30. Kf1 Re7 31. Nh1 e5 32. Ng3 f5 33. Ne2 Rd6
34. g3 Kf6 35. a4 Red7 36. Nc3 a6 37. Ke2 h4 38. Rf1 Rd4 39. gxh4 Rxh4 40. Rf2
Rdh7 41. Nd5+ Bxd5 42. cxd5 Rxh2 43. Ref3 Rxf2+ 44. Rxf2 Rd7 0-1

[Event "Woerishofen sen 2016"]
[Site "Bad Woerishofen"]
[Date "2016.03.02"]
[Round "6.63"]
[White "Dittmann, Heinz"]
[Black "Samarian, Cornel"]
[Result "1/2-1/2"]
[WhiteElo "1565"]
[BlackElo "1693"]
[PlyCount "37"]
[EventDate "2016.02.26"]
[EventType "swiss"]
[EventCountry "GER"]
[WhiteTeam "Nettetal SG"]
[BlackTeam "Lohkirchen SC"]
[WhiteTeamCountry "GER"]
[BlackTeamCountry "GER"]

1. d4 Nf6 2. Nf3 d5 3. e3 g6 4. Bd3 Bg7 5. Nbd2 O-O 6. O-O Bg4 7. h3 Bxf3 8.
Nxf3 Nbd7 9. Re1 c6 10. c3 Qc7 11. Qc2 b5 12. b4 a5 13. Rb1 a4 14. e4 dxe4 15.
Bxe4 e6 16. a3 Rac8 17. Bd3 Nd5 18. g3 Rfe8 19. Bd2 1/2-1/2

[Event "Woerishofen sen 2016"]
[Site "Bad Woerishofen"]
[Date "2016.03.02"]
[Round "6.65"]
[White "Bartlitz, Heinz"]
[Black "Jurgan, Brigitte"]
[Result "1-0"]
[WhiteElo "1659"]
[BlackElo "1476"]
[PlyCount "147"]
[EventDate "2016.02.26"]
[EventType "swiss"]
[EventCountry "GER"]
[WhiteTeam "Bramfelder SK"]
[BlackTeam "Grassau ASV"]
[WhiteTeamCountry "GER"]
[BlackTeamCountry "GER"]

1. e4 e5 2. Nf3 d6 3. h3 Nf6 4. Nc3 Be6 5. d3 g6 6. Be3 Bg7 7. Qd2 a6 8. Be2 b5
9. a3 O-O 10. Bh6 Nc6 11. Bd1 Nd4 12. O-O Nxf3+ 13. Bxf3 c5 14. Rae1 a5 15.
Nxb5 Rb8 16. a4 Bd7 17. c4 Bxb5 18. axb5 Ra8 19. Bxg7 Kxg7 20. Ra1 Nd7 21. b3
f5 22. exf5 Rb8 23. Rxa5 Rxf5 24. Bg4 Rf6 25. Bxd7 Qxd7 26. Rfa1 Qf5 27. Ra7+
Rf7 28. Rxf7+ Kxf7 29. Ra7+ Kg8 30. Qe3 Qf4 31. Qxf4 exf4 32. Rd7 Rb6 33. f3 h5
34. Kf2 Kf8 35. h4 Kg8 36. g3 fxg3+ 37. Kxg3 Rb8 38. Rxd6 Kg7 39. f4 Ra8 40.
Ra6 Rd8 41. b6 Rxd3+ 42. Kf2 Rxb3 43. Ra7+ Kf6 44. b7 Rb2+ 45. Ke3 Kf5 46. Ra5
Rxb7 47. Rxc5+ Kf6 48. Kd4 Re7 49. Rg5 Rd7+ 50. Rd5 Re7 51. Kc5 Re4 52. Rd4 Re7
53. Kc6 Kf5 54. c5 Re4 55. Kd5 Rxf4 56. Rxf4+ Kxf4 57. c6 Kg4 58. c7 Kxh4 59.
c8=Q g5 60. Ke4 Kg3 61. Ke3 g4 62. Qc2 Kh4 63. Qh2+ Kg5 64. Ke4 h4 65. Qf4+ Kh5
66. Qf5+ Kh6 67. Qxg4 h3 68. Qxh3+ Kg5 69. Ke5 Kg6 70. Qf5+ Kg7 71. Qf6+ Kg8
72. Qe7 Kh8 73. Kf6 Kg8 74. Qg7# 1-0

[Event "Woerishofen sen 2016"]
[Site "Bad Woerishofen"]
[Date "2016.03.02"]
[Round "6.66"]
[White "Schulz, Franz"]
[Black "Braeu, Emmi"]
[Result "1-0"]
[WhiteElo "1643"]
[BlackElo "1624"]
[PlyCount "63"]
[EventDate "2016.02.26"]
[EventType "swiss"]
[EventCountry "GER"]
[WhiteTeam "Ebersbach SV"]
[BlackTeam "Marktoberdorf SK"]
[WhiteTeamCountry "GER"]
[BlackTeamCountry "GER"]

1. b4 e5 2. a3 d5 3. e3 Bd6 4. Bb2 Nf6 5. d3 O-O 6. c4 c6 7. Nd2 b6 8. Ngf3 Re8
9. h3 h6 10. cxd5 cxd5 11. Be2 Bb7 12. Rc1 Nbd7 13. O-O Rc8 14. Qb3 Qe7 15. Nh4
Qe6 16. Nhf3 g5 17. Nh2 h5 18. Qd1 Rxc1 19. Bxc1 h4 20. Ng4 Kg7 21. Nxf6 Nxf6
22. Nf3 Kg6 23. Nh2 e4 24. Ng4 Nxg4 25. Bxg4 Qe5 26. f4 Qc3 27. d4 f5 28. Bh5+
Kf6 29. Bxe8 Qd3 30. Qh5 Kg7 31. Qxg5+ Kh8 32. Bf7 1-0

[Event "Woerishofen sen 2016"]
[Site "Bad Woerishofen"]
[Date "2016.03.02"]
[Round "6.67"]
[White "Albrecht, Franz"]
[Black "Walther, Renate"]
[Result "1-0"]
[WhiteElo "1600"]
[BlackElo "1232"]
[PlyCount "83"]
[EventDate "2016.02.26"]
[EventType "swiss"]
[EventCountry "GER"]
[WhiteTeam "Starnberg SC"]
[BlackTeam "Herzogenaurach SK"]
[WhiteTeamCountry "GER"]
[BlackTeamCountry "GER"]

1. d4 d5 2. c4 e6 3. Nc3 Nf6 4. cxd5 exd5 5. Nf3 Be6 6. e3 Nbd7 7. Bd3 c5 8. b3
a6 9. O-O Be7 10. h3 O-O 11. Bb2 cxd4 12. Nxd4 Bd6 13. Nce2 Re8 14. f4 Ne4 15.
f5 Bxf5 16. Nxf5 Be5 17. Bxe5 Nxe5 18. Bxe4 dxe4 19. Qxd8 Raxd8 20. Rfd1 Nd3
21. Nfg3 g6 22. Nf4 Nxf4 23. Rxd8 Rxd8 24. exf4 e3 25. Kf1 Re8 26. Ke2 Kg7 27.
Nf1 Re4 28. g3 Kf6 29. Nxe3 Re7 30. Rd1 h6 31. Kf3 Kg7 32. Rd6 Re6 33. Rxe6
fxe6 34. Ke4 Kf6 35. Ng4+ Kg7 36. Ke5 g5 37. fxg5 hxg5 38. Kxe6 Kg6 39. Ne3 b6
40. Nd5 b5 41. b4 Kh5 42. Kf5 1-0

[Event "Woerishofen sen 2016"]
[Site "Bad Woerishofen"]
[Date "2016.03.02"]
[Round "6.68"]
[White "Buss, Richard"]
[Black "Hartlaub, Marianne"]
[Result "0-1"]
[WhiteElo "1657"]
[BlackElo "1541"]
[PlyCount "76"]
[EventDate "2016.02.26"]
[EventType "swiss"]
[EventCountry "GER"]
[WhiteTeam "Heisfelde VfR"]
[BlackTeam "Klingenberg SK"]
[WhiteTeamCountry "GER"]
[BlackTeamCountry "GER"]

1. e4 d6 2. d4 Nf6 3. Nc3 c6 4. h3 a6 5. a4 Nbd7 6. Nf3 Qc7 7. Bd3 e5 8. Be3
Be7 9. O-O O-O 10. dxe5 dxe5 11. Nh2 Bc5 12. Qe2 Qb6 13. Bxc5 Nxc5 14. b3 Nxd3
15. Qxd3 Be6 16. Qf3 Rad8 17. Rfd1 Rd4 18. Re1 Rfd8 19. Ng4 Nxg4 20. hxg4 Rd2
21. Rac1 Qd4 22. Rcd1 Bxg4 23. Qxg4 Qxc3 24. Kh2 Qxc2 25. Rxd2 Qxd2 26. Rf1 Qd3
27. Re1 Qxb3 28. Re3 Qe6 29. Qe2 b5 30. axb5 axb5 31. Rh3 h6 32. Qh5 Qg6 33.
Qxe5 Qd6 34. Rh5 Qxe5+ 35. Rxe5 Kf8 36. Rc5 Rc8 37. e5 Ke7 38. f4 b4 0-1

[Event "Woerishofen sen 2016"]
[Site "Bad Woerishofen"]
[Date "2016.03.03"]
[Round "7.1"]
[White "Frick, Christoph"]
[Black "Okrajek, Alexander"]
[Result "1/2-1/2"]
[WhiteElo "2224"]
[BlackElo "2224"]
[PlyCount "41"]
[EventDate "2016.02.26"]
[EventType "swiss"]
[EventCountry "GER"]
[WhiteTeam "Bebenhausen SK"]
[BlackTeam "Siegburg SC"]
[WhiteTeamCountry "GER"]
[BlackTeamCountry "GER"]

1. d4 Nf6 2. Bf4 g6 3. e3 Bg7 4. Nf3 d6 5. h3 O-O 6. Be2 b6 7. O-O Bb7 8. Nbd2
Nbd7 9. Bh2 c5 10. c3 Ne4 11. a4 a6 12. Nxe4 Bxe4 13. Bd3 Bxd3 14. Qxd3 Qc7 15.
Bg3 Rfc8 16. Rfd1 Nf6 17. Bh4 Qb7 18. Nd2 d5 19. Bg3 c4 20. Qc2 b5 21. a5
1/2-1/2

[Event "Woerishofen sen 2016"]
[Site "Bad Woerishofen"]
[Date "2016.03.03"]
[Round "7.2"]
[White "Haubt, Georg"]
[Black "Kozlov, Alexander"]
[Result "1-0"]
[WhiteElo "2125"]
[BlackElo "2153"]
[PlyCount "83"]
[EventDate "2016.02.26"]
[EventType "swiss"]
[EventCountry "GER"]
[WhiteTeam "Oberursel SV"]
[BlackTeam "Stuttgarter SF"]
[WhiteTeamCountry "GER"]
[BlackTeamCountry "GER"]

1. d4 d6 2. e4 Nf6 3. Bd3 e5 4. c3 Be7 5. Nf3 Bg4 6. h3 Bh5 7. Be3 Nbd7 8. Nbd2
c6 9. g4 Bg6 10. Nh4 Nxg4 11. hxg4 Bxh4 12. Qb3 b6 13. Qa4 Rc8 14. Qxa7 Rc7 15.
Qa6 Bg5 16. Nc4 Bxe3 17. fxe3 O-O 18. Nxd6 Qg5 19. Kd2 exd4 20. cxd4 Qxg4 21.
Rag1 Qe6 22. Qa3 c5 23. e5 cxd4 24. exd4 Qd5 25. Rh4 Qf3 26. Rgh1 Qf2+ 27. Kd1
Qf3+ 28. Be2 Qxa3 29. bxa3 Ra7 30. R1h3 Rfa8 31. Bf3 Rd8 32. Bc6 Rc7 33. Ba4
Ra8 34. Bb3 Nf8 35. d5 Re7 36. Re3 Nd7 37. e6 fxe6 38. Rxe6 Rxe6 39. dxe6 Nc5
40. Bd5 Rb8 41. e7+ Kh8 42. Bf7 1-0

[Event "Woerishofen sen 2016"]
[Site "Bad Woerishofen"]
[Date "2016.03.03"]
[Round "7.3"]
[White "Bhend, Edwin"]
[Black "Villing, Dieter"]
[Result "1/2-1/2"]
[WhiteElo "2188"]
[BlackElo "2055"]
[PlyCount "57"]
[EventDate "2016.02.26"]
[EventType "swiss"]
[EventCountry "GER"]
[WhiteTeam "SUI"]
[BlackTeam "Ludwigshafen SK"]
[WhiteTeamCountry "SUI"]
[BlackTeamCountry "GER"]

1. b3 e5 2. Bb2 Nc6 3. Nf3 d6 4. e3 Nf6 5. d3 Be7 6. Be2 O-O 7. a3 a5 8. O-O
Bg4 9. Nbd2 Qd7 10. Ne4 Rfe8 11. Ng3 Bf8 12. h3 Bxf3 13. Bxf3 d5 14. Qd2 Rad8
15. Rad1 b6 16. Qc1 g6 17. c4 d4 18. Rfe1 Bh6 19. Qc2 dxe3 20. fxe3 Bg7 21. Qf2
h5 22. Rf1 Qe6 23. d4 exd4 24. exd4 Nb8 25. Rde1 Qd6 26. c5 Qf4 27. cxb6 cxb6
28. d5 Nbd7 29. Bc1 1/2-1/2